000 00596nam a22002177a 4500
005 20260324155829.0
008 260324b |||||||| |||| 00| 0 eng d
020 _a9789361591068
041 _aeng
082 _a338.502
_bKEA B23000
100 _aKeat P G
_9217246
245 _aManagerial Economics :
_bEconomic Tools for Today's Decision Makers
_c7th Ed.
250 _a7th Ed.
260 _aNoida
_bPearson India
_c2025
300 _a606p
500 _aManagerial economics
700 _aYoung P K
_9217247
700 _aErfle S
_9217248
700 _aBanerjee S
_9217249
942 _cBK
999 _c370765
_d370765